Welcome to CU Library Online Public Access Catalogue (OPAC)

Neuroanatomy / (Record no. 2239)

MARC details
000 -LEADER
fixed length control field 00870pam a2200253 a 4500
001 - CONTROL NUMBER
control field 1652903
005 - DATE AND TIME OF LATEST TRANSACTION
control field 20241214162133.0
008 - FIXED-LENGTH DATA ELEMENTS--GENERAL INFORMATION
fixed length control field 970422s1998 mdua b 001 0 eng c
020 ## - INTERNATIONAL STANDARD BOOK NUMBER
International Standard Book Number 9780683300758
050 00 - LIBRARY OF CONGRESS CALL NUMBER
Classification number QM451
Item number .D46 1998
082 00 - DEWEY DECIMAL CLASSIFICATION NUMBER
Classification number 611/.8
Edition information 21
100 1# - MAIN ENTRY--PERSONAL NAME
Personal name DeMyer, William,
Dates associated with a name 1924-
245 10 - TITLE STATEMENT
Title Neuroanatomy /
Statement of responsibility, etc. William DeMyer.
250 ## - EDITION STATEMENT
Edition statement 2nd ed.
260 ## - PUBLICATION, DISTRIBUTION, ETC.
Place of publication, distribution, etc. Baltimore :
Name of publisher, distributor, etc. Williams & Wilkins,
Date of publication, distribution, etc. c1998.
300 ## - PHYSICAL DESCRIPTION
Extent xi, 463 p. :
Other physical details ill. ;
Dimensions 26 cm.
440 #4 - SERIES STATEMENT/ADDED ENTRY--TITLE
Title The National medical series for independent study
650 #0 - SUBJECT ADDED ENTRY--TOPICAL TERM
Topical term or geographic name entry element Neuroanatomy
General subdivision Outlines, syllabi, etc.
650 #0 - SUBJECT ADDED ENTRY--TOPICAL TERM
Topical term or geographic name entry element Neuroanatomy
General subdivision Examinations, questions, etc.
650 12 - SUBJECT ADDED ENTRY--TOPICAL TERM
Topical term or geographic name entry element Neuroanatomy
General subdivision examination questions.
650 12 - SUBJECT ADDED ENTRY--TOPICAL TERM
Topical term or geographic name entry element Neuroanatomy
General subdivision outlines.
856 42 - ELECTRONIC LOCATION AND ACCESS
Materials specified Publisher description
Uniform Resource Identifier <a href="http://www.loc.gov/catdir/enhancements/fy0712/97018904-d.html">http://www.loc.gov/catdir/enhancements/fy0712/97018904-d.html</a>
942 ## - ADDED ENTRY ELEMENTS (KOHA)
Source of classification or shelving scheme Library of Congress Classification
Koha item type Books
Edition 2nd ed.
Suppress in OPAC No
999 ## -
-- 2239
-- 2239
Holdings
Withdrawn status Lost status Source of classification or shelving scheme Damaged status Not for loan Collection Home library Current library Shelving location Date acquired Total checkouts Full call number Barcode Date last seen Copy number Price effective from Koha item type
    Library of Congress Classification     Non-fiction Science Library (Miotso) Science Library (Miotso) General stacks 12/14/2024   QM451 .D46 DeM SLM00001475 12/14/2024 1 12/14/2024 Books
© 2023-2024 Copyright: Central University Libraries. All Rights Reserved | Created by: Mahone Tech Office